[Event "Barcelona Sant Marti op 21st"]
[Site "Barcelona"]
[Date "2019.07.20"]
[Round "8"]
[White "Quero Ortega, Juan"]
[Black "Centelles Vivas, Aleix"]
[Result "0-1"]
[WhiteElo "1754"]
[BlackElo "1983"]
[PlyCount "130"]
[EventDate "2019.07.13"]
[EventType "swiss"]
[EventRounds "9"]
[EventCountry "ESP"]
[SourceTitle "EXT 2020"]
[Source "ChessBase"]
[SourceDate "2019.10.17"]
[SourceVersion "1"]
[SourceVersionDate "2019.10.17"]
[SourceQuality "1"]

1. c3 d5 2. Nf3 e6 3. d3 f5 4. g3 Nf6 5. Bg5 Bd6 6. e3 0-0 7. Bg2 Nbd7 8. 0-0 e5 9. Nh4 h6 10. Bxd5+ Kh7 11. Bxf6 Nxf6 12. Bb3 f4 13. d4 fxg3 14. fxg3 e4 15. Nd2 Bh3 16. Ng2 Qe8 17. Bc2 Qg6 18. Nf4 Bxf4 19. Rxf4 Rae8 20. Qe2 Kh8 21. Qf2 Rf7 22. Nc4 Ng4 23. Qe2 Ree7 24. Re1 Qc6 25. Ne5 Nxe5 26. dxe5 Bf5 27. Qh5 Bg6 28. Qh3 Rxe5 29. Qg2 Ree7 30. Qe2 Rxf4 31. exf4 Qb6+ 32. Qe3 Qxb2 33. Bb3 Bh5 34. Qc1 Qxc1 35. Rxc1 Bf3 36. Bd1 Rd7 37. Bxf3 exf3 38. Rc2 Rd3 39. Kf2 Kg8 40. c4 c5 41. h3 Kf7 42. g4 g6 43. h4 Kf6 44. Kg3 h5 45. a4 f2+ 46. Kxf2 hxg4 47. Rb2 b6 48. a5 Rf3+ 49. Kg2 Rxf4 50. axb6 axb6 51. Rxb6+ Kf5 52. Rb8 Rxc4 53. Rf8+ Ke6 54. Kg3 Rd4 55. Rc8 c4 56. Rf8 Kd7 57. Rf6 Rd6 58. Rf4 c3 59. Rf1 c2 60. Rc1 Rc6 61. Kxg4 Ke6 62. h5 gxh5+ 63. Kf4 Kd5 64. Ke3 h4 65. Kd2 h3 0-1

[Event "Barcelona Sant Marti op 21st"]
[Site "Barcelona"]
[Date "2019.07.13"]
[Round "1"]
[White "Quero Ortega, Juan"]
[Black "Hristodorescu, Daniel"]
[Result "0-1"]
[WhiteElo "1754"]
[BlackElo "2241"]
[PlyCount "78"]
[EventDate "2019.07.13"]
[EventType "swiss"]
[EventRounds "9"]
[EventCountry "ESP"]
[SourceTitle "EXT 2020"]
[Source "ChessBase"]
[SourceDate "2019.10.17"]
[SourceVersion "1"]
[SourceVersionDate "2019.10.17"]
[SourceQuality "1"]

1. c3 e5 2. d3 d5 3. Nf3 Nc6 4. g3 f6 5. Bg2 Be6 6. 0-0 Qd7 7. b4 g5 8. b5 Nd8 9. a4 Ne7 10. e4 dxe4 11. dxe4 Qxd1 12. Rxd1 a6 13. Bb2 axb5 14. axb5 Rxa1 15. Bxa1 Nc8 16. Nbd2 Nd6 17. Bf1 b6 18. c4 N8b7 19. Bc3 Nc5 20. Re1 g4 21. Nh4 Bh6 22. Nf5 Nxf5 23. exf5 Bxf5 24. f4 gxf3 25. Nxf3 0-0 26. Bb4 Rd8 27. Bxc5 bxc5 28. Kg2 Ra8 29. Be2 Ra2 30. h3 Be6 31. Kf1 Bxh3+ 32. Kf2 Be6 33. Kf1 Be3 34. Rd1 e4 35. Nh4 Bd4 36. g4 h5 37. Nf5 Bxf5 38. gxf5 h4 39. Rb1 h3 0-1

[Event "Barcelona Sant Marti op-B 18th"]
[Site "Barcelona"]
[Date "2016.07.14"]
[Round "2.6"]
[White "Quero Ortega, Juan"]
[Black "Martin Villanova, Jordi"]
[Result "0-1"]
[WhiteElo "1805"]
[BlackElo "1919"]
[PlyCount "80"]
[EventDate "2016.07.13"]
[EventType "swiss"]
[EventRounds "9"]
[EventCountry "ESP"]
[SourceTitle "EXT 2024"]
[Source "ChessBase"]
[SourceDate "2023.10.10"]
[SourceVersion "1"]
[SourceVersionDate "2023.10.10"]
[SourceQuality "1"]

1. c4 e6 2. Nc3 d5 3. cxd5 exd5 4. d4 f5 5. g3 c6 6. Bg2 Nf6 7. Nf3 Bd6 8. 0-0 0-0 9. e3 Nbd7 10. b3 Ne4 11. Bb2 Qe7 12. Rc1 Ndf6 13. Na4 Bd7 14. Ne5 Be8 15. Nf3 Bh5 16. Qc2 Ng4 17. Nc5 Rae8 18. Ne5 Nxc5 19. Nxg4 Nxb3 20. Nh6+ gxh6 21. Qxb3 Be2 22. Rfe1 Bc4 23. Qa4 b5 24. Qc2 a5 25. Ra1 h5 26. h4 Rf6 27. a3 b4 28. axb4 axb4 29. Qa4 Qc7 30. Qc2 b3 31. Qd2 Rb8 32. Rec1 Rg6 33. Qe1 Bb4 34. Qd1 Kh8 35. e4 fxe4 36. Bxe4 Rxg3+ 37. fxg3 Qxg3+ 38. Bg2 Rg8 39. Rc2 bxc2 40. Qxc2 Bd6 0-1

[Event "Barcelona Sant Marti op-A 17th"]
[Site "Barcelona"]
[Date "2015.07.18"]
[Round "6"]
[White "Alfara Ayllon, Jose Luis"]
[Black "Quero Ortega, Juan"]
[Result "1-0"]
[WhiteElo "1964"]
[BlackElo "1820"]
[PlyCount "117"]
[EventDate "2015.07.13"]
[EventType "swiss"]
[EventRounds "9"]
[EventCountry "ESP"]
[SourceTitle "CBM 167 Extra"]
[Source "ChessBase"]
[SourceDate "2015.09.14"]
[SourceVersion "1"]
[SourceVersionDate "2015.09.14"]
[SourceQuality "1"]

1. e4 d6 2. d4 Nf6 3. Nc3 g6 4. f4 Bg7 5. Nf3 a6 6. Be2 b5 7. a3 Bb7 8. e5 Nd5 9. 0-0 Nxc3 10. bxc3 e6 11. Be3 0-0 12. a4 c6 13. Qd2 d5 14. Bd3 Nd7 15. a5 Rc8 16. g4 c5 17. dxc5 Nxc5 18. Bd4 Qc7 19. Qe3 Na4 20. f5 exf5 21. gxf5 Nxc3 22. f6 Qd7 23. fxg7 Qg4+ 24. Kh1 Kxg7 25. Qg5 Qxg5 26. Nxg5 Kg8 27. Rf6 Ne4 28. Bxe4 dxe4 29. c3 h6 30. Nh3 e3+ 31. Kg1 b4 32. Rb6 Be4 33. Rxb4 Bd3 34. Nf4 Bb5 35. Nd5 Ra8 36. Nxe3 Rfd8 37. Kf2 h5 38. Rg1 Kh7 39. Ng2 Rac8 40. Nf4 Rc6 41. h4 Rd7 42. Rg5 Rd8 43. Rb1 Rd7 44. Rbg1 Bc4 45. Rd1 Bb5 46. e6 fxe6 47. Rxg6 Rf7 48. Rf6 Rxf6 49. Bxf6 Rc5 50. Ke3 e5 51. Ne2 Kg6 52. Bg5 Kf5 53. Ng3+ Kg4 54. Ne4 Rc8 55. Rg1+ Kh3 56. Bf6 Bc6 57. Rg3+ Kh2 58. Bxe5 Re8 59. Rg5+ 1-0

[Event "Barcelona Sant Marti op-A 17th"]
[Site "Barcelona"]
[Date "2015.07.17"]
[Round "5"]
[White "Quero Ortega, Juan"]
[Black "Tateo, Ida"]
[Result "1-0"]
[WhiteElo "1820"]
[BlackElo "1301"]
[PlyCount "85"]
[EventDate "2015.07.13"]
[EventType "swiss"]
[EventRounds "9"]
[EventCountry "ESP"]
[SourceTitle "CBM 167 Extra"]
[Source "ChessBase"]
[SourceDate "2015.09.14"]
[SourceVersion "1"]
[SourceVersionDate "2015.09.14"]
[SourceQuality "1"]

1. c4 Nf6 2. Nc3 g6 3. g3 Bg7 4. Bg2 0-0 5. e3 d6 6. Nge2 c5 7. 0-0 Nc6 8. d4 cxd4 9. exd4 e5 10. d5 Ne7 11. Bg5 h6 12. Bd2 Bd7 13. Qc1 Kh7 14. b3 Qc8 15. Qa3 Ne8 16. Rac1 Bh3 17. Ne4 Bxg2 18. Kxg2 Qd7 19. Bb4 Nc8 20. Rcd1 f5 21. N4c3 a6 22. Qc1 Qf7 23. f4 e4 24. Qe3 Nf6 25. h3 Nd7 26. Nd4 Bf6 27. Ne6 Rg8 28. Ne2 b5 29. Nc7 Ra7 30. Ba5 bxc4 31. bxc4 Nc5 32. Ne6 Nxe6 33. dxe6 Qxe6 34. Rd5 g5 35. a4 Qf7 36. Rxf5 Qg6 37. Rd5 Be7 38. f5 Qh5 39. g4 Qh4 40. Be1 h5 41. Bxh4 gxh4 42. Qxe4 hxg4 43. f6+ 1-0

[Event "Barcelona Sant Marti op-A 17th"]
[Site "Barcelona"]
[Date "2015.07.15"]
[Round "3"]
[White "Quero Ortega, Juan"]
[Black "Dahale, Atul"]
[Result "0-1"]
[WhiteElo "1820"]
[BlackElo "1969"]
[PlyCount "76"]
[EventDate "2015.07.13"]
[EventType "swiss"]
[EventRounds "9"]
[EventCountry "ESP"]
[SourceTitle "CBM 167 Extra"]
[Source "ChessBase"]
[SourceDate "2015.09.14"]
[SourceVersion "1"]
[SourceVersionDate "2015.09.14"]
[SourceQuality "1"]

1. c4 e5 2. Nc3 f5 3. g3 Nf6 4. Bg2 Bb4 5. d3 0-0 6. Nf3 d6 7. 0-0 Bxc3 8. bxc3 Nc6 9. Qb3 Rb8 10. Be3 h6 11. Rad1 Be6 12. Qb2 Qe8 13. Rfe1 Qh5 14. Qc2 Rbe8 15. Bc1 f4 16. e4 Bg4 17. Qe2 Nh7 18. h3 Bxh3 19. Nh2 Qxe2 20. Rxe2 Bxg2 21. Kxg2 Ng5 22. gxf4 exf4 23. f3 Ne5 24. Rf2 h5 25. Ba3 b6 26. Bc1 Ne6 27. Ba3 Rf6 28. Bc1 Ref8 29. Kf1 g5 30. Rg2 Rg6 31. Ke2 g4 32. Rdg1 g3 33. Nf1 Nxf3 34. Rh1 h4 35. Kxf3 Ng5+ 36. Kg4 f3 37. Rxg3 hxg3 38. Nxg3 Nxe4+ 0-1

[Event "Barcelona Sant Marti op-A 17th"]
[Site "Barcelona"]
[Date "2015.07.14"]
[Round "2"]
[White "Dominguez, Laura Lucia"]
[Black "Quero Ortega, Juan"]
[Result "1-0"]
[WhiteElo "2057"]
[BlackElo "1820"]
[PlyCount "35"]
[EventDate "2015.07.13"]
[EventType "swiss"]
[EventRounds "9"]
[EventCountry "ESP"]
[SourceTitle "CBM 167 Extra"]
[Source "ChessBase"]
[SourceDate "2015.09.14"]
[SourceVersion "1"]
[SourceVersionDate "2015.09.14"]
[SourceQuality "1"]

1. e4 d6 2. d4 g6 3. f3 Bg7 4. Be3 c5 5. Ne2 Nc6 6. Nbc3 cxd4 7. Nxd4 Nf6 8. Qd2 Bd7 9. Bc4 0-0 10. Bb3 Nxd4 11. Bxd4 Bc6 12. h4 Qa5 13. h5 Qb4 14. hxg6 hxg6 15. 0-0-0 Rfc8 16. Qg5 Kf8 17. a3 Nxe4 18. Bxg7+ 1-0

[Event "Barcelona Sant Marti op-A 15th"]
[Site "Barcelona"]
[Date "2013.07.19"]
[Round "7"]
[White "Quero Ortega, Juan"]
[Black "Meza Martinez, Alcides Ivan"]
[Result "0-1"]
[WhiteElo "1809"]
[BlackElo "2105"]
[PlyCount "40"]
[EventDate "2013.07.13"]
[EventType "swiss"]
[EventRounds "9"]
[EventCountry "ESP"]
[SourceTitle "CBM 155 Extra"]
[Source "ChessBase"]
[SourceDate "2013.08.26"]
[SourceVersion "1"]
[SourceVersionDate "2013.08.26"]
[SourceQuality "1"]

1. c4 e6 2. g3 f5 3. e3 Nf6 4. Bg2 d5 5. cxd5 exd5 6. Ne2 Bd6 7. 0-0 0-0 8. d4 c6 9. Nbc3 Qe8 10. Bd2 Nbd7 11. a3 Ne4 12. Nxe4 fxe4 13. Qb3 Nf6 14. h3 Qh5 15. Nf4 Bxf4 16. exf4 Bxh3 17. Qd1 Ng4 18. f3 Bxg2 19. fxg4 Qh1+ 20. Kf2 Bxf1 0-1

[Event "Barcelona Sant Marti op-A 14th"]
[Site "Barcelona"]
[Date "2012.07.16"]
[Round "4"]
[White "Nadal Fajardo, Ricard"]
[Black "Quero Ortega, Juan"]
[Result "1/2-1/2"]
[WhiteElo "1707"]
[BlackElo "1877"]
[PlyCount "75"]
[EventDate "2012.07.13"]
[EventType "swiss"]
[EventRounds "9"]
[EventCountry "ESP"]
[SourceTitle "CBM 149 Extra"]
[Source "ChessBase"]
[SourceDate "2012.08.24"]
[SourceVersion "1"]
[SourceVersionDate "2012.08.24"]
[SourceQuality "1"]

1. d4 Nf6 2. Nf3 g6 3. Nc3 Bg7 4. Bf4 0-0 5. e3 d5 6. Be2 c6 7. h4 h5 8. Ne5 Nbd7 9. f3 Nxe5 10. Bxe5 Bh6 11. Qd2 Nd7 12. 0-0-0 Nxe5 13. dxe5 d4 14. f4 Qa5 15. Qxd4 Be6 16. Bc4 Rad8 17. Qe4 Bf5 18. Rxd8 Bxe4 19. Rxf8+ Kxf8 20. Nxe4 Qb4 21. Nd2 b5 22. Bb3 a5 23. a3 Qc5 24. Re1 a4 25. Ne4 Qb6 26. Ba2 b4 27. Nd2 bxa3 28. bxa3 Qc5 29. Nc4 Bg7 30. Rd1 Ke8 31. Rd3 Bf8 32. Rc3 Qa7 33. Rd3 e6 34. Nd6+ Bxd6 35. exd6 Kd7 36. g3 Qc5 37. e4 Qg1+ 38. Kb2 1/2-1/2